A Level Biology - Cell Division, Cell Diversity and Cell Differentiation - Statistics

General Stats
  • This quiz has been taken 148 times
  • The average score is 13 of 22
Answer Stats
Defintion Term % Correct
Type of nuclear division that results in the formation of cells containing half the number of chromosomes than the parent cell Meiosis
95%
The second stage of mitosis Metaphase
91%
The third stage of mitosis Anaphase
90%
Type of nuclear division that results in the formation of cells containing the same genetic information as the parent cell Mitosis
87%
The fourth stage of mitosis Telophase
86%
The first stage of mitosis Prophase
83%
Having only one set of chromosomes Haploid
80%
Group of cells that work together to perform a specific function Tissue
76%
Tissue that carries water and mineral ions from the roots to all parts of the plants Xylem
68%
Division of the cytoplasm of the cell following mitosis Cytokinesis
65%
Process by which stem cells become specialised into different types of cells Differentiation
65%
Tissue that carries products of photosynthesis in solution within plants Phloem
61%
Unspecialised cells able to express all of their genes and divide by mitosis Stem cells
60%
In leaf epidermis, cells that surround stomata Guard cells
52%
Red blood cell technical name Erythrocyte
49%
Area of unspecialised cells within a plant that can divide and differentiate into other cell types Meristem
39%
Type of white blood cell that is phagocytic Neutrophil
29%
Epidermal cells of young roots with long hair like projections Root hair cells
28%
Replicates of chromosomes Chromatids
26%
Cells that constitute lining tissue Epithelial cells
23%
Matching chromosomes containing the same genes at the same places (loci) Homologous chromosomes
21%
Closely packed, photosynthetic cells within leaves Palisade cells
17%
No matching quizzes found
Score Distribution
Percent of People with Each Score
Percentile by Number Answered
Your Score History
You have not taken this quiz